Histoire du drapeau de Cuba - Statistiques

Statistiques générales
  • Ce quiz a été pris 106 fois
  • Le résultat moyen est 4 sur 5
Statistiques - réponses
Hint Réponse % Correct
Deuxième drapeau de Cuba (drapeau actuel depuis 1959)
93%
Gouvernement militaire américain de Cuba (1898-1902 et 1906-1909)
70%
Premier drapeau de Cuba (1902-1906 et 1909-1959)
68%
Deuxième drapeau de la capitainerie général de Cuba (1843-1898)
62%
Premier drapeau de la capitainerie général de Cuba (1521-1843)
61%
Aucun quiz correspondant
Distribution des résultats
% des personnes avec chaque résultat
Percentile par nombre de réponses
Votre historique - résultats
Vous n’avez pas pris ce quiz